Responses for Show #5967 - Tuesday, July 20, 2010

John Krizel game 3.

Contestants

[<< previous game]

Donna Gottlieb, a homemaker and Army wife originally from Hillsdale, New Jersey

Gene Beed, a pediatrician and professional moderator from Irvine, California

John Krizel, a green community program coordinator from Beckley, West Virginia (whose 2-day cash winnings total $46,802)

[next game >>]

Jeopardy! Round responses

TOP U.S. FRANCHISES
CLASSIC MOVIE ORIGINAL DIALOGUE?
(Alex: You have to identify the film for us.)
HELLO, DOLL-Y
CREATURES OF NATURE
1984
BIG "BROTHER"
    $200 6
7-Eleven

John
    $200 7
The Graduate

John
    $200 26
a voodoo doll

Gene
    $200 21
the snail

Donna
    $200 1
Brunei

John
    $200 16
Marx Brothers

John
    $400 9
Ace

John
    $400 8
It's a Wonderful Life

Gene
    $400 27
Edison

Donna
    $400 22
a falcon

Gene
    $400 2
the Macintosh

Gene
    $400 17
a brother-in-law (or step-brother)

Donna
    $600 12
Dairy Queen

John
    $600 10
Spartacus

John
    $600 28
Barbie

Donna
    $600 23
an electric eel

Gene
    $600 3
the Edmonton Oilers

John
    $600 18
"The City of Brotherly Love"

John
    $1,000 14
Curves

Donna
    $800 11
On the Waterfront

Gene
    $800 29
American Girl

Donna
    $800 24
a gecko

John
    $800 4
Marcos

John
    $800 19
a blood brother

John
    $1000 15
Kumon

Gene
    $1000 13
Citizen Kane

Donna
    $1000 30
Raggedy Ann

Gene
    $1000 25
a beetle

Gene
    $1000 5
Jesse Jackson

Gene
    $1000 20
Band of Brothers

John

Scores at the first commercial break (after clue 15):

John Gene Donna
$3,600 $3,600 $2,000

Scores at the end of the Jeopardy! Round:

John Gene Donna
$7,000 $6,800 $4,400

Double Jeopardy! Round responses

GEOMETRY
PRO NOUNS
OPERA CHARACTERS
CAN YOU PICTURE IT?
STATE LAKES
(Alex: We'll give you the lake, you identify the state for us.)
FROM THE GREEK
    $400 11
6

John
    $400 16
caddie

Gene
    $400 1
Desdemona

John
    $400 21
Putin

John
    $400 6
Wyoming

Gene
    $400 26
iamb

Donna
    $800 12
the Pythagorean theorem

Gene
    $800 17
(Donna: What is the batter's box?)

the on-deck circle

JohnDonna
    $800 2
The Mikado

Donna
    $800 22
Jesse Owens

John
    $800 7
(Donna: What is North Carolina?)

Oklahoma

Donna
Triple Stumper
    $800 27
(Donna: What is a caldera?)

crater

Donna
Triple Stumper
    $1200 13
360

Gene
    $1200 18
(John: What is a fault?)
(Alex: Be more specific.)

a foot fault

John
    $1,200 3
Miss Havisham

Donna
    $1200 23
henna

John
    $1200 8
California

Gene
    $3,000 28
dyslexia

Donna
    $1600 14
foci

John
    $1600 19
the paint

John
    $1600 4
Rigoletto

Donna
    $1600 24
Georgia

Gene
    $1600 9
Texas

Donna
    $1600 29
ergonomics

Gene
    $2000 15
(Donna: What is a tetrahedron?)

an octahedron

GeneDonna
    $2000 20
the blue line

John
    $2000 5
(Gene: What is Nixon, the Opera?)

Nixon in China

Gene
Triple Stumper
    $2000 25
(Alex: [*], in France, yes.)

Lascaux

Donna
    $2000 10
New York

Donna
    $2000 30
prologue

Gene

Scores at the end of the Double Jeopardy! Round:

John Gene Donna
$17,400 $16,000 $12,600

[wagering suggestions for these scores]

Final Jeopardy! Round responses

LEGENDARY PUBLIC SERVANTS
(Alex: Of "The Untouchables" fame. Right you are.)
DonnaWho is J Edgar Hoover?
$8,000
GeneWho is Elliot Ness?
$9,201
JohnWho is Ness
$14,601
Eliot Ness

Final scores:

John Gene Donna
$32,001 $25,201 $4,600
3-day champion: $78,803 2nd place: $2,000 3rd place: $1,000

Game dynamics:

Coryat scores:

John Gene Donna
$17,400 $16,000 $10,600
23 R,
0 W
19 R,
1 W
15 R
(including 3 DDs),
4 W

Combined Coryat: $44,000

[game clues] [game scores] [suggest correction]

Game tape date: 2010-03-13
The J! Archive is created by fans, for fans. Scraping, republication, monetization, and malicious use prohibited; this site may use cookies and collect identifying information. See terms. The Jeopardy! game show and all elements thereof, including but not limited to copyright and trademark thereto, are the property of Jeopardy Productions, Inc. and are protected under law. This website is not affiliated with, sponsored by, or operated by Jeopardy Productions, Inc. Join the discussion at JBoard.tv.